Männlich oder Weiblich? - Tiere - Statistiken

Allgemein
  • Dieses Quiz wurde 201 mal gespielt
  • Das Durchschnittsergebnis liegt bei 9 aus 10
Antwortstatistiken
Frage Antwort % Korrekt
Stier Männlich
100%
Rammler Männlich
98%
Bock Männlich
98%
Katze Weiblich
98%
Erpel Männlich
97%
Tauber Männlich
95%
Ente Weiblich
94%
Gans Weiblich
92%
Maus Weiblich
89%
Hund Männlich
83%
Keine übereinstimmenden Quizze gefunden
Verteilung der Resultate
Anzahl Personen mit jedem Resultat
Perzentil nach korrekt beantworteten Fragen
Ihre Resultats-Entwicklung
Sie haben dieses Quiz noch nicht gespielt